| 000 | 00401nam a2200133Ia 4500 | ||
|---|---|---|---|
| 008 | 100415s9999 xx 000 0 und d | ||
| 082 |
_b21235 _a598.2(542) |
||
| 245 | _aUttar Bharat Ke Pakshi BNHS Field Guide. (Hindi). | ||
| 260 | _c0 | ||
| 365 | _b500 | ||
| 630 | _aUttar Bharat Ke Pakshi BNHS Field Guide. (Hindi). | ||
| 730 | _aUttar Bharat Ke Pakshi BNHS Field Guide. (Hindi). | ||
| 942 | _cBOOK | ||
| 999 |
_c604117 _d604114 |
||